[Event "BRA-ch Amateur U1600"]
[Site "Sao Paulo"]
[Date "2022.06.17"]
[Round "4"]
[White "Tsuchie, Davi Pinheiro"]
[Black "Salotti, Thiago Maida"]
[Result "1/2-1/2"]
[WhiteElo "1380"]
[BlackElo "1802"]
[PlyCount "57"]
[EventDate "2022.06.16"]
[EventType "swiss"]
[EventRounds "7"]
[EventCountry "BRA"]
[SourceTitle "CBM 208 Extra"]
[Source "ChessBase"]
[SourceDate "2022.07.31"]
[SourceVersion "1"]
[SourceVersionDate "2022.07.31"]
[SourceQuality "1"]

1. d4 d6 2. Nf3 Nf6 3. g3 g6 4. Bg2 Bg7 5. 0-0 0-0 6. b3 c5 7. Bb2 cxd4 8. Bxd4 Nc6 9. Bb2 Bf5 10. Re1 Rc8 11. c4 Nb4 12. Nd4 Ng4 13. e4 Bd7 14. Qd2 Nc6 15. Nxc6 Bxc6 16. Bxg7 Kxg7 17. Nc3 e5 18. Bh3 h5 19. f3 Qb6+ 20. Kg2 f5 21. Nd5 Bxd5 22. exd5 e4 23. fxg4 hxg4 24. Bxg4 fxg4 25. Rxe4 Rf6 26. Re7+ Kg8 27. Qh6 Qf2+ 28. Kh1 Qf3+ 29. Kg1 1/2-1/2

[Event "Sao Paulo Carnaval op"]
[Site "Sao Paulo"]
[Date "2020.02.23"]
[Round "4"]
[White "Dos Santos, Lucas Carvalho Ribe"]
[Black "Tsuchie, Davi Pinheiro"]
[Result "1-0"]
[WhiteElo "1583"]
[BlackElo "1351"]
[PlyCount "49"]
[EventDate "2020.02.22"]
[EventType "swiss"]
[EventRounds "7"]
[EventCountry "BRA"]
[SourceTitle "CBM 195 Extra"]
[Source "ChessBase"]
[SourceDate "2020.05.31"]
[SourceVersion "1"]
[SourceVersionDate "2020.05.31"]
[SourceQuality "1"]

1. e4 e5 2. Nf3 Nf6 3. Nc3 Nc6 4. Bc4 Bb4 5. d3 0-0 6. 0-0 d6 7. Bg5 h6 8. Bh4 Bxc3 9. bxc3 Na5 10. Bb3 Nxb3 11. cxb3 Be6 12. Nd2 c6 13. d4 Kh7 14. Qc2 Qc7 15. f4 Ng4 16. Rf3 f5 17. fxe5 dxe5 18. exf5 Bd5 19. f6+ Kg8 20. Rg3 Nxf6 21. Qg6 Qf7 22. Qxh6 exd4 23. Rf1 dxc3 24. Bxf6 cxd2 25. Rxg7+ 1-0

[Event "Sao Paulo Carnaval op"]
[Site "Sao Paulo"]
[Date "2020.02.22"]
[Round "1"]
[White "Tsuchie, Davi Pinheiro"]
[Black "Haman, Muhammad"]
[Result "0-1"]
[WhiteElo "1351"]
[BlackElo "1884"]
[PlyCount "74"]
[EventDate "2020.02.22"]
[EventType "swiss"]
[EventRounds "7"]
[EventCountry "BRA"]
[SourceTitle "CBM 195 Extra"]
[Source "ChessBase"]
[SourceDate "2020.05.31"]
[SourceVersion "1"]
[SourceVersionDate "2020.05.31"]
[SourceQuality "1"]

1. Nf3 Nf6 2. c4 e6 3. g3 b6 4. Bg2 Bb7 5. 0-0 Be7 6. Nc3 0-0 7. b3 Ne4 8. Nxe4 Bxe4 9. Bb2 Bf6 10. Bxf6 Qxf6 11. d3 Bb7 12. Qc2 Na6 13. a3 c5 14. Rab1 Rac8 15. Qd2 Rfd8 16. b4 d5 17. b5 Nc7 18. Qb2 dxc4 19. Qxf6 gxf6 20. dxc4 Ne8 21. Rb2 Nd6 22. Nd2 Bxg2 23. Kxg2 Kf8 24. Rc1 Rd7 25. Rcc2 Rcd8 26. Kg1 Nf5 27. Nf3 e5 28. Rd2 e4 29. Rxd7 Rxd7 30. Rd2 exf3 31. Rxd7 fxe2 32. Rxa7 e1Q+ 33. Kg2 Qe4+ 34. Kg1 Qxc4 35. a4 Qb4 36. Rb7 Qb1+ 37. Kg2 Qe4+ 0-1

[Event "Sao Paulo ECP op 5th"]
[Site "Sao Paulo"]
[Date "2019.12.01"]
[Round "6"]
[White "Takano Ito, Raphael Kenzo"]
[Black "Tsuchie, Davi Pinheiro"]
[Result "0-1"]
[WhiteElo "1748"]
[BlackElo "1287"]
[PlyCount "92"]
[EventDate "2019.11.29"]
[EventType "swiss"]
[EventRounds "6"]
[EventCountry "BRA"]
[SourceTitle "CBM 193 Extra"]
[Source "ChessBase"]
[SourceDate "2020.01.31"]
[SourceVersion "1"]
[SourceVersionDate "2020.01.31"]
[SourceQuality "1"]

1. e4 e5 2. Nf3 Nf6 3. Nc3 d6 4. d4 Nbd7 5. dxe5 dxe5 6. Bg5 Be7 7. Bc4 0-0 8. 0-0 Ne8 9. Bxe7 Qxe7 10. Nd5 Qc5 11. b3 Nd6 12. Qd3 c6 13. Ne7+ Kh8 14. Nxc8 Raxc8 15. Ng5 Nb6 16. Qh3 h6 17. Nf3 Nbxc4 18. bxc4 Qxc4 19. Nxe5 Qxe4 20. Nd7 Rfe8 21. Rad1 Qe6 22. Qxe6 Rxe6 23. Nc5 Re5 24. Nd7 Rd5 25. c4 Nxc4 26. Rxd5 cxd5 27. Nf8 Rxf8 28. Rd1 Rd8 29. Rb1 Nd6 30. Rd1 d4 31. Kf1 Kh7 32. f4 Kg6 33. g4 f5 34. h3 h5 35. gxf5+ Kxf5 36. Kf2 Kxf4 37. a3 d3 38. Rd2 Nc4 39. Rd1 d2 40. Ke2 Re8+ 41. Kf2 Nd6 42. a4 Ne4+ 43. Kg2 Rc8 44. Rf1+ Ke5 45. Rd1 Rc1 46. Rxd2 Nxd2 0-1

[Event "Sao Paulo op-C U1700 8th"]
[Site "Sao Paulo"]
[Date "2019.10.19"]
[Round "3"]
[White "Tsuchie, Davi Pinheiro"]
[Black "Silva, Vitto Carlo"]
[Result "1-0"]
[WhiteElo "1272"]
[BlackElo "1750"]
[PlyCount "69"]
[EventDate "2019.10.17"]
[EventType "swiss"]
[EventRounds "6"]
[EventCountry "BRA"]
[SourceTitle "CBM 192 Extra"]
[Source "Chessbase"]
[SourceDate "2019.11.06"]
[SourceVersion "1"]
[SourceVersionDate "2019.11.06"]
[SourceQuality "1"]

1. Nf3 d5 2. c4 c6 3. b3 Nf6 4. g3 Bg4 5. Bg2 e6 6. 0-0 Bc5 7. Bb2 Nbd7 8. Nc3 0-0 9. Qc2 Re8 10. Rad1 a6 11. d4 Ba7 12. cxd5 cxd5 13. Qd2 h6 14. e3 Ne4 15. Qe1 Ndf6 16. Rc1 Rc8 17. Nxe4 Nxe4 18. Nd2 Rxc1 19. Qxc1 Nxd2 20. Qxd2 h5 21. Rc1 h4 22. Bc3 hxg3 23. hxg3 b6 24. Bf1 Qc8 25. Bb4 Qb7 26. Qc3 f6 27. Qc7 Rb8 28. Qxb7 Rxb7 29. Bxa6 Rf7 30. Bd3 f5 31. Rc8+ Kh7 32. Re8 g5 33. Rxe6 Kg7 34. Re5 f4 35. Rxg5+ 1-0

[Event "Hebraica op 26th"]
[Site "Hebraica"]
[Date "2019.01.12"]
[Round "4"]
[White "Kajiwara, Joao Kazuyuki"]
[Black "Tsuchie, Davi Pinheiro"]
[Result "0-1"]
[WhiteElo "1277"]
[BlackElo "1674"]
[PlyCount "104"]
[EventDate "2019.01.11"]
[EventType "swiss"]
[EventRounds "6"]
[EventCountry "BRA"]
[SourceTitle "EXT 2020"]
[Source "ChessBase"]
[SourceDate "2019.10.17"]
[SourceVersion "1"]
[SourceVersionDate "2019.10.17"]
[SourceQuality "1"]

1. Nf3 Nf6 2. g3 b6 3. Bg2 Bb7 4. 0-0 g6 5. d3 Bg7 6. Re1 0-0 7. e4 d6 8. Nbd2 e5 9. Nf1 Re8 10. Bg5 Nbd7 11. Qd2 c5 12. Bh6 Qc7 13. Bxg7 Kxg7 14. Ne3 Rac8 15. a4 a6 16. c4 Ra8 17. Rec1 Reb8 18. Nd1 Bc6 19. Nc3 Nh5 20. Nh4 Qb7 21. g4 Nf4 22. Bf1 b5 23. axb5 axb5 24. b3 Rxa1 25. Rxa1 Ra8 26. Rxa8 Qxa8 27. Ne2 Nxe2+ 28. Bxe2 Qa3 29. Bd1 b4 30. Nf3 Qa8 31. g5 Qd8 32. h4 f6 33. gxf6+ Nxf6 34. Ng5 Qe7 35. f4 exf4 36. Qxf4 h6 37. Nf3 Nh5 38. Qg4 Bd7 39. Qg2 Nf4 40. Qb2+ Qf6 41. Qxf6+ Kxf6 42. d4 Bg4 43. e5+ dxe5 44. dxe5+ Ke6 45. Nd4+ cxd4 46. Bxg4+ Kxe5 47. Bd1 g5 48. hxg5 Nh3+ 49. Kf1 Nxg5 50. Bh5 Ne4 51. Ke1 d3 52. Bg6 Nc5 0-1

[Event "Hebraica op 26th"]
[Site "Hebraica"]
[Date "2019.01.12"]
[Round "3"]
[White "Tsuchie, Davi Pinheiro"]
[Black "Oliveira, Debora Goncalves"]
[Result "1/2-1/2"]
[WhiteElo "1674"]
[BlackElo "1332"]
[PlyCount "82"]
[EventDate "2019.01.11"]
[EventType "swiss"]
[EventRounds "6"]
[EventCountry "BRA"]
[SourceTitle "EXT 2020"]
[Source "ChessBase"]
[SourceDate "2019.10.17"]
[SourceVersion "1"]
[SourceVersionDate "2019.10.17"]
[SourceQuality "1"]

1. Nf3 d5 2. c4 e6 3. b3 c6 4. Bb2 Nd7 5. g3 Ngf6 6. Bg2 Be7 7. 0-0 0-0 8. d3 b6 9. Nbd2 c5 10. Qc2 d4 11. e3 dxe3 12. fxe3 Bb7 13. d4 Ng4 14. Rae1 Rc8 15. Bh3 Ndf6 16. dxc5 Bxc5 17. Qc3 h5 18. Bxg4 hxg4 19. Nd4 a6 20. e4 e5 21. Qd3 Bxd4+ 22. Bxd4 Qxd4+ 23. Qxd4 exd4 24. Rf4 Rfe8 25. e5 Nd7 26. Rxg4 Nxe5 27. Rxd4 Nf3+ 28. Nxf3 Bxf3 29. Rf1 Ba8 30. Rd7 Re2 31. Rfxf7 Rg2+ 32. Kf1 Rf8 33. Rxf8+ Kxf8 34. Rd8+ Kf7 35. Rxa8 Rxa2 36. Ra7+ Kg6 37. Rb7 b5 38. cxb5 axb5 39. Rxb5 Rxh2 40. Rb6+ Kg5 41. Rb4 Rb2 1/2-1/2

[Event "Sao Paulo U16 3rd"]
[Site "Sao Paulo"]
[Date "2018.06.10"]
[Round "4.6"]
[White "Tsuchie, Pedro Pinheiro"]
[Black "Tsuchie, Davi Pinheiro"]
[Result "1-0"]
[WhiteElo "1120"]
[BlackElo "1732"]
[PlyCount "35"]
[EventDate "2018.06.09"]
[EventType "swiss"]
[EventRounds "5"]
[EventCountry "BRA"]
[SourceTitle "EXT 2022"]
[Source "ChessBase"]
[SourceDate "2021.10.06"]
[SourceVersion "1"]
[SourceVersionDate "2021.10.06"]
[SourceQuality "1"]

1. e4 e5 2. Nf3 Nf6 3. d4 exd4 4. e5 Nd5 5. Nxd4 Bc5 6. Nb3 Bxf2+ 7. Kxf2 Ne7 8. Bd3 Ng6 9. Rf1 Nxe5 10. Qe2 Nbc6 11. Bd2 0-0 12. Kg1 Nxd3 13. Qxd3 d6 14. Nc3 Nb4 15. Qe4 Nc6 16. Rae1 Re8 17. Qxe8+ Qxe8 18. Rxe8# 1-0